| 000 | 00441nam a2200133Ia 4500 | ||
|---|---|---|---|
| 008 | 220217s9999 xx 000 0 und d | ||
| 245 | 0 | _aSpecification for Rubber conveyor and elevator textile belting. Part 3. oil resistant belting. second Revision | |
| 260 | _aNew Delhi | ||
| 260 |
_c1988 _bBureau of Indian Standards |
||
| 490 | _aIndian Standard | ||
| 500 | _aStandard number: IS 1891 (Part 1) | ||
| 650 | _aConveyor belt | ||
| 942 | _cST | ||
| 999 |
_c73593 _d73593 |
||